Escher : la vida de les formes = Escher : la vida de las formas /

Gardado en:
Detalles Bibliográficos
Autor Principal: Escher, M.C (autor)
Outros autores: Antich, Xavier (curaduría y texto) (curaduría y texto), Carbonell, Aurèlia (texto) (texto), Vila, Eva (texto) (texto), Wagensberg, Jorge (texto) (texto)
Formato: Libro
Idioma:Lingua castelá
Publicado: Barcelona, España : Fundación La Caixa, 2003, c2003
Temas:
Etiquetas: Engadir etiqueta
Sen Etiquetas, Sexa o primeiro en etiquetar este rexistro!

MARC

LEADER 00000nam^a2200000^a^4500
001 000182820
005 20250521000000.0
009 20260310102020.773
020 |a 84-7664-835-9 
037 |a Acervo ITESO - Biblioteca 
041 |a ESP 
082 |a 759. 949207  |b ESC ANT 
100 |a Escher, M.C.  |e (autor) 
245 1 0 |a Escher :  |b la vida de les formes = Escher : la vida de las formas /  |c M.C. Escher ; curaduría y texto de X. Antich ; texto de A. Carbonell, E. Vila, J. Wagensberg. 
264 4 |a Barcelona, España :  |b Fundación La Caixa,  |c 2003, c2003 
300 |a 151 p. 
336 |a texto  |b txt  |2 rdacontenido 
337 |a sin mediación  |b n  |2 rdamedio 
338 |a volumen  |b nc  |2 rdasoporte 
649 |a XX 
650 |a Pintores Holandeses 
650 |a Artistas Holandeses 
650 |a Dibujo -  |z Holanda -  |x Historia y Crítica 
650 |a Grabado -  |z Holanda -  |x Historia y Crítica 
650 |a Surrealismo -  |z Holanda -  |x Historia y Crítica 
650 |a Pintura Moderna -  |z Holanda -  |x Historia y Crítica 
650 |a Pintura Holandesa -  |x Historia y Crítica 
650 |a Pintura Holandesa -  |y Siglo XX 
650 |a Arte Geométrico -  |z Holanda -  |x Historia y Crítica 
650 |a Arte Moderno -  |z Holanda -  |x Historia y Crítica 
650 |a Arte Holandés -  |x Historia y Crítica 
650 |a Arte Holandés -  |y Siglo XX 
650 |a Escher, M.C. -  |x Tema Principal 
700 |a Antich, Xavier  |e (curaduría y texto) 
700 |a Carbonell, Aurèlia  |e (texto) 
700 |a Vila, Eva  |e (texto) 
700 |a Wagensberg, Jorge  |e (texto) 
910 |a Fondo General 
920 |a Impresos - Libros 
930 |a Reserva Especial 
905 |a 103 
901 |a 0500122529  |b IT1  |c REE  |u 20250521 
902 |a https://opac.biblio.iteso.mx/vufind/Record/000182820